000 00534nam a2200205 a 4500
008 951030s1973||||[C 0 slo c
020 _c13
040 _aSNK
_bslo
_cSNK
_eAACR2
041 1 _aslo
_hswe
080 _a839.7-3
100 1 _aMattsson, Gunnar
_4aut
245 1 0 _aPrincezná
_cGunnar Mattsson ; Pavel Tischer, Jozef Pernecký
260 _aBratislava
_bSmena
_c1973
_eŽilina
_fDanubiaprint
300 _c20 cm
500 _aPozn.
700 1 _4trl
700 1 _aPernecký, Jozef
_4bkd
044 _axo
_cSK
958 _aA
999 _c12265
_d12265